1837 1788 1971 1694 1159 1826 1913 1100 1853 1088 1019 1001 1365 1987 1864 1185 1558 1676 1418 1854 1968 1755 1893 1738 1964 1757 1344 1906 1861 1163 1183 1425 1321 1269 1470 1317 1801 1318 1929 1438 1884 1876 1952 1937 1674 1538 1449 1598 1063 1510 1989 1972 1901 1483 1346 1721 1115 1457 1378 1880 1494 1909 1380 1714 1372 1977 1052 1150 1238 1782 1554 1814 1099 1736 1665 1529 1032 1102 1945 1856 1041 1678 1781 1046 1462 1603 1331 1685 1688 1908 1037 1512 1875 1483 1432 1136 1170 1567 1643 BCNSPRNW ULIB Ver.6.0+V

เปลี่ยนเป็นภาษาไทย

Change to English
 แสดงรายละเอียดบรรณานุกรม
  กลับหน้าหลัก

Brief Record : Get Marc (ISO 2709) : E-mail record : QR code < ปิดหน้าต่าง
LEADER : 00000nam 2200000uu 4500
001    13399114959
003     ULIB
008    110627s2553||||th 000 0 tha d
020    9786167014012
090    รส.^bพ981ค
100 0  ไพบูลย์ พันธ์เมือง
245 00 ครูไพบูลย์ เป๋หลังค่อม/^cไพบูลย์ พันธ์เมือง
260    กรุงเทพฯ :^bInspire,^c2553
300     280 หน้า
945    ^p0^l0^i028003
995    ทศพร
999 ^a ใช้งานได้ทุกระบบ
รายการนี้ยังไม่มีแท็ก
คุณยังไม่ได้ล็อกอิน คุณสามารถมีกิจกรรมร่วมกับเว็บไซต์ได้ แต่ต้องล็อกอินก่อน ::
  ล็อกอิน

รายการสื่อสารสนเทศ

ลำดับที่ ประเภท เลขเรียก/บาร์โค้ด สถานที่ สถานะ
1. นวนิยาย
นวนิยาย
รส. พ981ค ฉ.1 
  Barcode: 028003
ห้องสมุดวิทยาเขตสวรรค์ประชารักษ์
►นวนิยาย
บนชั้น
  ขอยืม

BibComment


ยังไม่เคยถูกคอมเมนท์

คอมเมนท์ทรัพยากรรายการนี้
  คอมเมนท์: ครูไพบูลย์ เป๋หลั..


 Copyright 2026. Bcnsprnw @Library